00965nam a2200253 a 450000500170000000800410001702000150005804000350007304100080010804400070011608200200012310000310014324502060017425000210038026000510040130000580045250400060051065000340051665100390055070000210058970000230061070000330063371000450066620160302171936.0870506s1987 ck a r 00110dspa d a958060228X aCO-BoBLA cCO-BoBLAdCO-BoIAVH0 aspa ack04a330.985 bS67o 1 aSoto, Hernando de, d1941-13aEl otro sendero : bla revolución informal / cHernando de Soto ; en colaboración con Enrique Ghersi ; Mario Ghibellini y el Instituto Libertad y Democracia (ILD) ; prólogo de Mario Vargas Llosa. aQuinta edición aBogotá : bEditorial La Oveja Negra, c1987. axxxvi, 317 páginas : bIlustraciones ;c24 x 15 cm. a 26aEconomía informalz Perú.26aPerúx Condiciones económicas.1 aGhersi, Enrique.1 aGhibellini, Mario.1 aVargas Llosa, Mario, d1936-2 aInstituto Libertad y Democracia c(Lima)